Devinez l'État Américain Mystère #44 - Statistiques

Statistiques générales
  • Ce quiz a été pris 163 fois
  • Le résultat moyen est 35 sur 46
Statistiques - réponses
Type de Réponse Réponse % Correct
Lettre Trouvée E
100%
Lettre Trouvée N
100%
Lettre Trouvée I
99%
Lettre Trouvée A
98%
Lettre Trouvée O
98%
Lettre de l'Alphabet S
98%
Lettre Trouvée R
97%
Lettre Trouvée L
94%
Lettre de l'Alphabet U
94%
Lettre de l'Alphabet W
92%
Lettre Trouvée C
91%
Lettre Trouvée D
91%
Lettre de l'Alphabet H
90%
Lettre de l'Alphabet K
89%
Lettre Trouvée T
89%
Lettre Trouvée G
88%
Lettre de l'Alphabet M
88%
Lettre Trouvée V
85%
Lettre de l'Alphabet F
81%
Lettre de l'Alphabet Y
81%
Lettre de l'Alphabet X
80%
Lettre de l'Alphabet P
76%
Lettre de l'Alphabet Q
72%
Lettre de l'Alphabet B
68%
Lettre de l'Alphabet Z
66%
Lettre de l'Alphabet J
65%
Lettre Bien Placée A
61%
Lettre Bien Placée C
61%
Lettre Bien Placée C
61%
Lettre Bien Placée D
61%
Lettre Bien Placée E
61%
Lettre Bien Placée E
61%
Lettre Bien Placée E
61%
Lettre Bien Placée G
61%
Lettre Bien Placée I
61%
Lettre Bien Placée I
61%
Lettre Bien Placée I
61%
Lettre Bien Placée I
61%
Lettre Bien Placée L
61%
Lettre Bien Placée N
61%
Lettre Bien Placée N
61%
Lettre Bien Placée O
61%
Lettre Bien Placée R
61%
Lettre Bien Placée T
61%
Lettre Bien Placée V
61%
État Mystère Virginie-Occidentale
61%
Aucun quiz correspondant
Distribution des résultats
% des personnes avec chaque résultat
Percentile par nombre de réponses
Votre historique - résultats
Vous n’avez pas pris ce quiz